Bilecik Bilecik Bilecik Bilecik Bilecik

Precalculus/ (Record no. 38761)

MARC details
000 -BAŞLIK
Sabit Uzunluktaki Kontrol Alanı 00812nam a22003017a 4500
001 - KONTROL NUMARASI
Control Dosyası 0037791
003 - KONTROL NUMARASI KİMLİĞİ
Kontrol Alanı KOHA_MİRAKIL
005 - EN SON İŞLEM TARİHİ ve ZAMANI
Kontrol Alanı 20260207003113.0
007 - FİZİKSEL TANIM SABİT ALAN - GENEL BİLGİ
Sabit uzunluklu kontrol alanı ta
008 - SABİT UZUNLUKTAKİ VERİ ÖGELERİ - GENEL BİLGİ
Sabit Alan 121023b1991 usa|||gr||||#||||0|eng |
020 ## - ISBN - ULUSLARARASI STANDART KİTAP NUMARASI
Isbn 0534924743
040 ## - KATALOGLAMA KAYNAĞI
Özgün Kataloglama Kurumu TR-BiSEU
Kataloglama Dili tur
Çeviri Kurumu TR-BiSEU
Açıklama Kuralları rda
041 0# - DİL KODU
Metin ya da ses kaydının dil kodu eng
044 ## - YAYINLAYAN/ÜRETEN KURULUŞUN ÜLKE KODU
ISO country code us
050 ## - SINIFLAMA ve YER NUMARASI
Sınıflama Numarası QA152.2
Yer Numarası .K38 1991
100 1# - KİŞİ ADI
Yazar Adı (Kişi adı) Kaufmann, Jerome E..
245 1# - ESER ADI BİLDİRİMİ
Başlık Precalculus/
Sorumluluk Bildirimi Jerome E. Kaufmann ; Jerome E. Kaufmann.
250 ## - BASIM BİLDİRİMİ
Basım Bildirimi 2. bs.
264 #1 - ÜRERİM, YAYIN, DAĞITIM ve TELİF BİLDİRİMİ
Yayın yeri Boston :
Yayınlayan PWS-KENT, c1991
Yayın tarihi 1991
300 ## - FİZİKSEL TANIMLAMA
Sayfa, Cilt vb. XIX, 570, 70 sayfa :
Diğer fiziki detaylar resimli; 24 cm.
336 ## - İÇERİK TÜRÜ
Content type term metin
Content type code txt
Source rdacontent
337 ## - MEDYA TÜRÜ
Media type term aracısız
Media type code n
Source rdamedia
338 ## - TAŞIYICI TÜRÜ
Carrier type term cilt
Carrier type code nc
Source rdacarrier
500 ## - GENEL NOT
Genel Not Dizin var.
650 #0 - KONU BAŞLIĞI EK GİRİŞ - KONU TERİMİ
Konusal terim veya coğrafi ad Cebir.
9 (RLIN) 2058
650 #0 - KONU BAŞLIĞI EK GİRİŞ - KONU TERİMİ
Konusal terim veya coğrafi ad Algebra.
9 (RLIN) 2831
942 ## - EK GİRİŞ ÖGELERİ (KOHA)
Source of classification or shelving scheme Library of Congress Classification
Koha item type Book
Holdings
Materyal Türü Kalıcı Konum Mevcut Konum Raf Yeri Sınıflandırma Kaynağı Edinim Bilgisi Ana Konular Alt Konular Yer Numarası Demirbaş Numarası Fatura Tarihi Maliyet, Alış Fiyatı Maliyet, Yenileme Fiyatı Geri Çekilme Durumu Kayıp Durumu Hasarlı Durumu Kredi için değil Kayıt Tarih Toplam Ödünçverme Son Görülme Tarihi Son Kontrol Tarihi Genel / Bağış Notu
Book Prof. Dr. Azmi Özcan Kütüphanesi Prof. Dr. Azmi Özcan Kütüphanesi Birûni Salonu Library of Congress Classification Bağış BİLİM Matematik QA152.2 .K38 1991 0037791 02/02/2026 4.00 4.00         23/10/2012   05/12/2024 05/12/2024 Genel Bağış